प्राचीन भारतातील विज्ञान आणि तंत्रज्ञान (क. क्र. 30/2 ) (Record no. 437229)

MARC details
000 -LEADER
fixed length control field 00818nam a2200169Ia 4500
008 - FIXED-LENGTH DATA ELEMENTS--GENERAL INFORMATION
fixed length control field 100122s9999 xx 000 0 und d
082 ## - DEWEY DECIMAL CLASSIFICATION NUMBER
Item number 62996
Classification number 954.01
100 ## - MAIN ENTRY--PERSONAL NAME
Personal name थत्ते अच्युत
245 ## - TITLE STATEMENT
Title प्राचीन भारतातील विज्ञान आणि तंत्रज्ञान (क. क्र. 30/2 )
260 ## - PUBLICATION, DISTRIBUTION, ETC. (IMPRINT)
Name of publisher, distributor, etc विज्ञान भारती
Date of publication, distribution, etc 2003
300 ## - PHYSICAL DESCRIPTION
Extent 115
520 ## - SUMMARY, ETC.
Summary, etc विज्ञान
620 ## -
-- विज्ञान
630 ## - SUBJECT ADDED ENTRY--UNIFORM TITLE
Uniform title प्राचीन भारतातील विज्ञान आणि तंत्रज्ञान (क. क्र. 30/2 )
730 ## - ADDED ENTRY--UNIFORM TITLE
Uniform title प्राचीन भारतातील विज्ञान आणि तंत्रज्ञान (क. क्र. 30/2 )
942 ## - ADDED ENTRY ELEMENTS (KOHA)
Koha item type Book
Holdings
Withdrawn status Lost status Damaged status Not for loan Home library Current library Date acquired Cost, normal purchase price Total Checkouts Full call number Barcode Date last seen Cost, replacement price Price effective from Koha item type Public note
        S.V. Pathak Library, Vile Parle S.V. Pathak Library, Vile Parle 05/15/2003 495.00   62996 SVPPARLE-62996 01/25/2010 495.00 01/25/2010 Book Edited NA